Mass transfer in close binary stars (Record no. 15352)

MARC details
000 -LEADER
fixed length control field 00798nam a2200241Ia 4500
003 - CONTROL NUMBER IDENTIFIER
control field IN-BaIIA
008 - FIXED-LENGTH DATA ELEMENTS--GENERAL INFORMATION
fixed length control field 211028s9999 xx 000 0 eng d
020 ## - INTERNATIONAL STANDARD BOOK NUMBER
International Standard Book Number 0-415-27353-6
040 ## - CATALOGING SOURCE
Transcribing agency IIA Library
080 ## - UNIVERSAL DECIMAL CLASSIFICATION NUMBER
Universal Decimal Classification number 523.842
Item number MAS
245 #0 - TITLE STATEMENT
Title Mass transfer in close binary stars
Statement of responsibility, etc. edited by A. A. Boyarchuk…[et al.]
260 ## - PUBLICATION, DISTRIBUTION, ETC.
Place of publication, distribution, etc. London
Name of publisher, distributor, etc. Taylor and Francis
Date of publication, distribution, etc. 2002
300 ## - PHYSICAL DESCRIPTION
Extent xi, 365p.
490 ## - SERIES STATEMENT
Series statement Advances in astronomy and astrophysics; v. 6
650 ## - SUBJECT ADDED ENTRY--TOPICAL TERM
Topical term or geographic name entry element Astrophysical gas flows
9 (RLIN) 28320
650 ## - SUBJECT ADDED ENTRY--TOPICAL TERM
Topical term or geographic name entry element Binary systems
9 (RLIN) 1186
650 ## - SUBJECT ADDED ENTRY--TOPICAL TERM
Topical term or geographic name entry element Close binaries
9 (RLIN) 28321
700 ## - ADDED ENTRY--PERSONAL NAME
Personal name Bisikalo, D. V., ed.
9 (RLIN) 28322
700 ## - ADDED ENTRY--PERSONAL NAME
Personal name Boyarchuk, A. A., ed.
9 (RLIN) 28323
700 ## - ADDED ENTRY--PERSONAL NAME
Personal name Chechetkin, ed.
9 (RLIN) 28324
700 ## - ADDED ENTRY--PERSONAL NAME
Personal name Kuznetsov, O. A., ed.
9 (RLIN) 28325
942 ## - ADDED ENTRY ELEMENTS (KOHA)
Koha item type Books
Holdings
Withdrawn status Lost status Damaged status Not for loan Home library Current library Shelving location Date acquired Source of acquisition Cost, normal purchase price Total Checkouts Full call number Barcode Date last seen Cost, replacement price Price effective from Koha item type Purchase Price
        IIA Library-Bangalore IIA Library-Bangalore General Stacks 23/08/2003 ANJ 5274.50   523.842/ MAS 16274 05/11/2021 5274.50 23/08/2003 Books Rs. 5274.50

Powered by Koha